000 00894nam a2200241 a 4500
001 BRCA_4478
005 20190320204702.0
008 080910c1865----mx-b######---#000-0#spa-#
041 _aspa
044 _amx
050 4 _aG1549.P8
_b.P53 1865
245 1 0 _aPlano de la ciudad de Puebla
_hmaterial cartográfico
_bcon las obras de defensa y ataque en el sitio por el ejército francés en los meses de marzo, abril y mayo de 1865.
260 _aMéxico
_bDepartamento del Estado Mayor
_c1865
300 _a1 mapa
_bil. a color
_c75 x 113 cm., pleg. 29 x 21 cm.
500 _aEscala de 1:8000
500 _aMapa inventariado por Banco de México como libro
500 _aCC6
650 1 4 _aMapas
_zMéxico
_9200
651 4 _aMéxico
_vMapas
_xHistoria
_yIntervervención y segundo Imperio, 1861-1867
_911346
700 1 _aRosales, Enrique
_eIlustrador
_911347
902 _aGFM
942 _2lcc
_cB
999 _c4184
_d4184